000 00858nas a2200229 i 4500
001 173405
003 ES-MaACL
005 20250217134851.0
008 091201d18571861fr | | ||re d
245 0 0 _aÉtudes de théologie, de philosophie et d'histoire /
_cpubliées par les PP. Charles Daniel et Jean Gagarin de la Compagnie de Jésus.
260 _aParis :
_bParis : Julien, Lanier et Cie,
_c1857-61.
300 _a2 v. ;
_c22 cm.
310 _aTrimestral (1859-1861)
321 _aIrregular (1857-1858)
362 0 _aT. 1 ([1856])-t. 3 (1858) ; n.s., t. 1, n° 1 (1859, mars)-t. 3, n° 4 (1861, déc.)
700 1 _aDaniel, Charles.
_9141682
700 1 _aGagarine, Ivan Sergueevitch.
_9141683
785 0 0 _tEtudes religieuses, historiques et littéraires
852 _aES-MaACL
_jG-371-72
866 0 _o1860-61.
999 _c173405
_d173405